India in a changing world: problems, limits successes of its foreign policy (Record no. 378453)

000 -LEADER
fixed length control field 00515cam a22001577a 4500
008 - FIXED-LENGTH DATA ELEMENTS--GENERAL INFORMATION
fixed length control field 180718b1995 xxu||||| |||| 00| 0 eng d
020 ## - INTERNATIONAL STANDARD BOOK NUMBER
International Standard Book Number 8125006354
082 ## - DEWEY DECIMAL CLASSIFICATION NUMBER
Classification number Dx54 V261i
100 ## - MAIN ENTRY--PERSONAL NAME
Personal name Vanaik, Achin
245 ## - TITLE STATEMENT
Title India in a changing world: problems, limits successes of its foreign policy
Statement of responsibility, etc. by Achin Vanaik
260 ## - PUBLICATION, DISTRIBUTION, ETC.
Place of publication, distribution, etc. Hyderabad
Name of publisher, distributor, etc. Orient Longman
Date of publication, distribution, etc. 1995
300 ## - PHYSICAL DESCRIPTION
Extent 147p.
440 ## - SERIES STATEMENT/ADDED ENTRY--TITLE
Title Tracts for the times 9
650 ## - SUBJECT ADDED ENTRY--TOPICAL TERM
Topical term or geographic name entry element India --Foreign relations --1984-
650 ## - SUBJECT ADDED ENTRY--TOPICAL TERM
Topical term or geographic name entry element India --Foreign relations --1947-1984
Holdings
Withdrawn status Lost status Damaged status Not for loan Permanent Location Current Location Date acquired Full call number Barcode Date last seen Price effective from Koha item type
        Indian Institute of Public Administration Indian Institute of Public Administration 1996-03-07 Dx54 V261i 69932 2018-07-21 2018-07-21 Book

Powered by Koha